[Event "Aragon-chT Preferente Gr II"]
[Site "Aragon"]
[Date "2023.02.11"]
[Round "3.67"]
[White "Barros Gutierrez, Angel Luis"]
[Black "Sancho Casale, Jesus"]
[Result "1/2-1/2"]
[WhiteElo "2051"]
[BlackElo "1933"]
[PlyCount "95"]
[EventDate "2023.01.28"]
[EventType "team-tourn"]
[EventRounds "9"]
[EventCountry "ESP"]
[SourceTitle "EXT 2024"]
[Source "ChessBase"]
[SourceDate "2023.10.10"]
[SourceVersion "1"]
[SourceVersionDate "2023.10.10"]
[SourceQuality "1"]
[WhiteTeam "Agrupacion"]
[BlackTeam "Tauste"]
[WhiteTeamCountry "ESP"]
[BlackTeamCountry "ESP"]

1. d4 d5 2. c4 e6 3. Nc3 Nf6 4. cxd5 exd5 5. Bg5 c6 6. e3 Be7 7. Bd3 0-0 8. Qc2 h6 9. Bh4 Re8 10. Nge2 Nbd7 11. 0-0 Ne4 12. Bxe7 Qxe7 13. Rae1 Ndf6 14. f3 Nxc3 15. Nxc3 Qd6 16. Qf2 Be6 17. e4 dxe4 18. Nxe4 Nxe4 19. fxe4 Red8 20. d5 cxd5 21. exd5 Qxd5 22. Bb1 Qd4 23. Re3 Rac8 24. h3 Qd2 25. Re2 Qd4 26. Re3 b6 27. Kh1 Rc7 28. Rd3 Qxd3 29. Bxd3 Rxd3 30. Re1 Rcd7 31. a3 Rd1 32. Rxd1 Rxd1+ 33. Kh2 Rd7 34. h4 h5 35. b4 g6 36. Kg3 Rd5 37. Qf6 a5 38. Qe7 axb4 39. axb4 b5 40. Kf4 Kg7 41. Ke4 Rf5 42. Qd8 Bc4 43. Qd4+ Kg8 44. g3 Be6 45. Qd8+ Kg7 46. Qd4+ Kg8 47. Qd8+ Kg7 48. Qd4+ 1/2-1/2

[Event "Aragon-chT Honor Descenso"]
[Site "Aragon"]
[Date "2022.04.02"]
[Round "10.14"]
[White "Barros Gutierrez, Angel Luis"]
[Black "Sacristan Latorre, Alberto"]
[Result "0-1"]
[WhiteElo "2043"]
[BlackElo "2107"]
[PlyCount "48"]
[EventDate "2022.03.19"]
[EventType "team-tourn"]
[EventRounds "10"]
[EventCountry "ESP"]
[SourceTitle "EXT 2024"]
[Source "ChessBase"]
[SourceDate "2023.10.10"]
[SourceVersion "1"]
[SourceVersionDate "2023.10.10"]
[SourceQuality "1"]
[WhiteTeam "Agrupacion"]
[BlackTeam "Palacio de Pioneros II"]
[WhiteTeamCountry "ESP"]
[BlackTeamCountry "ESP"]

1. d4 Nf6 2. c4 Nc6 3. Nc3 e5 4. dxe5 Nxe5 5. Bf4 Ng6 6. Bg3 Bb4 7. Qb3 a5 8. f3 0-0 9. h4 d5 10. cxd5 Qxd5 11. h5 Ne7 12. e4 Nxe4 13. fxe4 Qxe4+ 14. Nge2 Be6 15. Qd1 Nf5 16. Bf2 Bc4 17. Qd2 Bxc3 18. bxc3 Rad8 19. Qf4 Qc2 20. Bc5 Bxe2 21. Bxf8 Qxc3+ 22. Kf2 Qxa1 23. Bc5 Bxf1 24. Qxf5 Qxa2+ 0-1

[Event "Aragon-chT Honor Descenso"]
[Site "Aragon"]
[Date "2022.03.26"]
[Round "9.27"]
[White "Barros Gutierrez, Angel Luis"]
[Black "Felez Casedas, Carlos"]
[Result "1/2-1/2"]
[WhiteElo "2043"]
[BlackElo "1947"]
[PlyCount "91"]
[EventDate "2022.03.19"]
[EventType "team-tourn"]
[EventRounds "10"]
[EventCountry "ESP"]
[SourceTitle "EXT 2024"]
[Source "ChessBase"]
[SourceDate "2023.10.10"]
[SourceVersion "1"]
[SourceVersionDate "2023.10.10"]
[SourceQuality "1"]
[WhiteTeam "Agrupacion"]
[BlackTeam "La Aurora Estadilla"]
[WhiteTeamCountry "ESP"]
[BlackTeamCountry "ESP"]

1. d4 d5 2. c4 e6 3. Nc3 Be7 4. Nf3 Nf6 5. Bg5 0-0 6. e3 h6 7. Bh4 Ne4 8. Bxe7 Qxe7 9. Bd3 Nxc3 10. bxc3 dxc4 11. Bxc4 c5 12. 0-0 b6 13. e4 Nc6 14. Qe2 Bb7 15. Rad1 cxd4 16. cxd4 Rfd8 17. Rfe1 Rac8 18. h3 Qb4 19. d5 Na5 20. Bd3 exd5 21. e5 Re8 22. Bf5 Rc7 23. e6 Rce7 24. Ne5 Rxe6 25. Bxe6 Rxe6 26. Qh5 Re7 27. Nf3 Nc4 28. Rxe7 Qxe7 29. Re1 Qf6 30. Nd4 Nd6 31. Qd1 Ne4 32. f3 Nc5 33. Re2 Kh7 34. Nb3 Ne6 35. Qc2+ g6 36. Qb2 Qg5 37. Kh1 Qf4 38. Qd2 Qg3 39. Qe1 Qf4 40. Rxe6 fxe6 41. Qxe6 Kg7 42. Qe7+ Qf7 43. Qe5+ Qf6 44. Qb8 Qe7 45. Qxa7 Qe1+ 46. Kh2 1/2-1/2

[Event "Aragon-chT Honor Gr II"]
[Site "Aragon"]
[Date "2022.02.26"]
[Round "5.26"]
[White "Escartin Lacasa, Jose"]
[Black "Barros Gutierrez, Angel Luis"]
[Result "1-0"]
[WhiteElo "2315"]
[BlackElo "2043"]
[PlyCount "103"]
[EventDate "2022.01.29"]
[EventType "team-tourn"]
[EventRounds "7"]
[EventCountry "ESP"]
[SourceTitle "EXT 2024"]
[Source "ChessBase"]
[SourceDate "2023.10.10"]
[SourceVersion "1"]
[SourceVersionDate "2023.10.10"]
[SourceQuality "1"]
[WhiteTeam "Jaque Pirenauto"]
[BlackTeam "Agrupacion"]
[WhiteTeamCountry "ESP"]
[BlackTeamCountry "ESP"]

1. d4 Nf6 2. Nf3 e6 3. g3 b5 4. Bg2 Bb7 5. 0-0 d5 6. a4 b4 7. a5 Ba6 8. Bg5 Be7 9. Nbd2 h6 10. Bxf6 Bxf6 11. Re1 0-0 12. e4 c6 13. Nb3 Nd7 14. Qd2 Rb8 15. exd5 cxd5 16. Ne5 Nxe5 17. dxe5 Be7 18. Bf1 Bxf1 19. Kxf1 Qc7 20. Qd3 Rfc8 21. Re2 Qc4 22. Rd1 Rb5 23. Rdd2 a6 24. Kg2 Bc5 25. f4 Ba7 26. Qf3 d4 27. Qe4 Rd8 28. Rd3 Rbd5 29. Red2 Qb5 30. Re2 Re8 31. g4 Rdd8 32. h4 Qd5 33. Qxd5 Rxd5 34. Red2 g5 35. Nxd4 Bxd4 36. Rxd4 Rxa5 37. Rxb4 gxf4 38. Re2 Rb5 39. Rxb5 axb5 40. Re4 f5 41. exf6 e5 42. g5 hxg5 43. hxg5 Kf7 44. Kf3 Kg6 45. Kg4 Re6 46. c3 Re8 47. Re2 Re6 48. Rh2 f3 49. Rh6+ Kf7 50. Kxf3 e4+ 51. Ke3 Re8 52. Rh4 1-0

[Event "Aragon-chT Honor Gr II"]
[Site "Aragon"]
[Date "2022.02.12"]
[Round "3.27"]
[White "Barros Gutierrez, Angel Luis"]
[Black "Gella Bitrian, Diego"]
[Result "1-0"]
[WhiteElo "2043"]
[BlackElo "2037"]
[PlyCount "51"]
[EventDate "2022.01.29"]
[EventType "team-tourn"]
[EventRounds "7"]
[EventCountry "ESP"]
[SourceTitle "EXT 2024"]
[Source "ChessBase"]
[SourceDate "2023.10.10"]
[SourceVersion "1"]
[SourceVersionDate "2023.10.10"]
[SourceQuality "1"]
[WhiteTeam "Agrupacion"]
[BlackTeam "Huesca Club Atletismo"]
[WhiteTeamCountry "ESP"]
[BlackTeamCountry "ESP"]

1. d4 Nf6 2. c4 g6 3. Nc3 Bg7 4. e4 d6 5. h3 0-0 6. Bg5 Nbd7 7. Bd3 c6 8. Nge2 Qc7 9. 0-0 e5 10. d5 a5 11. Rc1 Qb8 12. a3 h6 13. Be3 Ne8 14. Qd2 Kh7 15. g4 Nc7 16. b4 cxd5 17. exd5 f5 18. gxf5 gxf5 19. Ng3 e4 20. Ngxe4 fxe4 21. Bxe4+ Kg8 22. Bxh6 Nf6 23. Bxg7 Kxg7 24. Qg5+ Kf7 25. Bg6+ Kg8 26. Rce1 1-0

[Event "Aragon-chT Honor Gr II"]
[Site "Aragon"]
[Date "2022.02.05"]
[Round "2.31"]
[White "Roche Simon, Manuel Angel"]
[Black "Barros Gutierrez, Angel Luis"]
[Result "1-0"]
[WhiteElo "2027"]
[BlackElo "2043"]
[PlyCount "83"]
[EventDate "2022.01.29"]
[EventType "team-tourn"]
[EventRounds "7"]
[EventCountry "ESP"]
[SourceTitle "EXT 2024"]
[Source "ChessBase"]
[SourceDate "2023.10.10"]
[SourceVersion "1"]
[SourceVersionDate "2023.10.10"]
[SourceQuality "1"]
[WhiteTeam "Delicias"]
[BlackTeam "Agrupacion"]
[WhiteTeamCountry "ESP"]
[BlackTeamCountry "ESP"]

1. e4 c5 2. Nf3 Nc6 3. d4 cxd4 4. Nxd4 Nf6 5. Nc3 d6 6. Bc4 Bd7 7. Bb3 a6 8. Be3 Ng4 9. Nxc6 bxc6 10. Qf3 Nf6 11. Rg1 Bg4 12. Qg3 Qc8 13. h3 Be6 14. f4 g6 15. Qf3 Bg7 16. g4 Bxb3 17. axb3 0-0 18. Kf2 e5 19. Rgd1 exf4 20. Bxf4 d5 21. exd5 Nxd5 22. Nxd5 cxd5 23. c3 d4 24. c4 h6 25. Kg2 Qc5 26. Qd5 Qc8 27. Re1 Ra7 28. c5 Rd8 29. Bd6 Bf8 30. Rad1 Bxd6 31. cxd6 Rad7 32. Rf1 Rxd6 33. Qxf7+ Kh8 34. Rde1 Qa8+ 35. Kg1 R6d7 36. Qxg6 Qb8 37. Qf6+ Kg8 38. Qe6+ Kh8 39. Qxh6+ Rh7 40. Qf6+ Kg8 41. Re5 Rg7 42. Qe6+ 1-0

[Event "Aragon-chT Honor Gr II"]
[Site "Aragon"]
[Date "2022.01.29"]
[Round "1.6"]
[White "Barros Gutierrez, Angel Luis"]
[Black "Glavina, Pablo"]
[Result "0-1"]
[WhiteElo "2043"]
[BlackElo "2397"]
[PlyCount "66"]
[EventDate "2022.01.29"]
[EventType "team-tourn"]
[EventRounds "7"]
[EventCountry "ESP"]
[SourceTitle "EXT 2024"]
[Source "ChessBase"]
[SourceDate "2023.10.10"]
[SourceVersion "1"]
[SourceVersionDate "2023.10.10"]
[SourceQuality "1"]
[WhiteTeam "Agrupacion"]
[BlackTeam "Casablanca MyInvestor"]
[WhiteTeamCountry "ESP"]
[BlackTeamCountry "ESP"]

1. d4 Nf6 2. c4 e6 3. Nf3 c5 4. d5 exd5 5. cxd5 d6 6. Nc3 g6 7. Bf4 a6 8. a4 Bg7 9. h3 0-0 10. e3 Nh5 11. Bh2 f5 12. Be2 f4 13. e4 Nd7 14. Nd2 Ne5 15. Bxh5 gxh5 16. Nf3 Qe8 17. Qe2 Bd7 18. a5 Qg6 19. Nxe5 Bxe5 20. Rg1 Rab8 21. Na4 Bb5 22. Qc2 Rbe8 23. 0-0-0 Bd4 24. f3 Bxg1 25. Rxg1 h4 26. Nb6 Re5 27. Rd1 Rg5 28. Rd2 Rf7 29. Nc8 Qf6 30. Kb1 Rfg7 31. Qc3 Qf8 32. Nb6 Rxg2 33. e5 Qf5+ 0-1

[Event "Aragon-chT Honor Titulo"]
[Site "Spain"]
[Date "2011.04.10"]
[Round "11.4"]
[White "Montes Santos, Lorenzo"]
[Black "Barros Gutierrez, Angel Luis"]
[Result "0-1"]
[WhiteElo "2044"]
[BlackElo "2155"]
[PlyCount "84"]
[EventDate "2011.03.26"]
[EventType "team-tourn"]
[EventRounds "11"]
[EventCountry "ESP"]
[SourceTitle "EXT 2013"]
[Source "ChessBase"]
[SourceDate "2012.11.22"]
[SourceVersion "1"]
[SourceVersionDate "2012.11.22"]
[SourceQuality "1"]
[WhiteTeam "Shatranj"]
[BlackTeam "Agrupacion"]
[WhiteTeamCountry "ESP"]
[BlackTeamCountry "ESP"]

1. Nf3 d5 2. c4 e6 3. g3 Nf6 4. Bg2 dxc4 5. Qa4+ Nbd7 6. 0-0 a6 7. Qxc4 b5 8. Qc2 Bb7 9. a4 c5 10. axb5 axb5 11. Rxa8 Qxa8 12. d3 Ne5 13. Ne1 Nc6 14. Be3 Nb4 15. Qc1 Bxg2 16. Nxg2 Qc6 17. Nd2 Nfd5 18. Nb3 Nxe3 19. Nxe3 Be7 20. Qd2 0-0 21. Rc1 Nd5 22. Nd4 Qd7 23. Nb3 Rc8 24. Ra1 h6 25. Rc1 Qd6 26. Nd4 Bg5 27. Nf3 Bf6 28. Nxd5 exd5 29. b3 Ra8 30. Qc2 Rc8 31. Qa2 Qb6 32. h4 g6 33. Kg2 h5 34. Kg1 Qb7 35. Qd2 Kg7 36. Qa2 b4 37. Nd2 Qe7 38. e3 Bc3 39. Nb1 d4 40. e4 Qe6 41. Rc2 Rc6 42. Nd2 Ra6 0-1

[Event "Aragon-ch"]
[Site "Aragon"]
[Date "2008.08.26"]
[Round "4"]
[White "Navarro Alonso, Jorge Luis"]
[Black "Barros Gutierrez, Angel Luis"]
[Result "1/2-1/2"]
[WhiteElo "2133"]
[BlackElo "2127"]
[PlyCount "52"]
[EventDate "2008.08.23"]
[EventType "swiss"]
[EventRounds "9"]
[EventCountry "ESP"]
[SourceTitle "EXT 2011"]
[Source "ChessBase"]
[SourceDate "2010.11.26"]
[SourceVersion "1"]
[SourceVersionDate "2010.11.26"]
[SourceQuality "1"]

1. e4 c5 2. Nf3 d6 3. d4 cxd4 4. Nxd4 Nf6 5. Nc3 Nc6 6. Bc4 Bd7 7. Bb3 e6 8. Be3 Be7 9. Qe2 a6 10. 0-0-0 Qc7 11. g4 Nxd4 12. Rxd4 e5 13. Rc4 Qd8 14. g5 Ng4 15. Nd5 Nxe3 16. fxe3 Bb5 17. Rf1 Bxc4 18. Qxc4 0-0 19. h4 Kh8 20. Qe2 f6 21. g6 h6 22. Qg4 f5 23. exf5 Bf6 24. h5 b5 25. Qe4 Rc8 26. Qd3 Rc5 1/2-1/2

[Event "Autonomico-chT"]
[Site "Aragon"]
[Date "2005.03.12"]
[Round "7.49"]
[White "Barros Gutierrez, Angel Luis"]
[Black "Garcia Asenjo, Antonio"]
[Result "0-1"]
[WhiteElo "2238"]
[BlackElo "2013"]
[PlyCount "62"]
[EventDate "2005.01.22"]
[EventType "team"]
[EventRounds "12"]
[EventCountry "ESP"]
[SourceTitle "EXT 2006"]
[Source "ChessBase"]
[SourceDate "2005.11.24"]
[SourceVersion "1"]
[SourceVersionDate "2005.11.24"]
[SourceQuality "1"]

1. Nf3 f5 2. g3 Nf6 3. Bg2 g6 4. 0-0 Bg7 5. d4 0-0 6. c4 d6 7. Nc3 c6 8. Qc2 Qe8 9. b3 Na6 10. Ba3 Nc7 11. Rfe1 Rb8 12. Rad1 b5 13. cxb5 Nxb5 14. Bb2 Nxc3 15. Qxc3 Be6 16. Ng5 Bd5 17. f3 h6 18. Nh3 Qf7 19. Nf4 g5 20. Nxd5 Nxd5 21. Qd2 f4 22. Bh3 Ne3 23. Rc1 Qd5 24. Qd3 c5 25. Qe4 Qxe4 26. fxe4 g4 27. Bf1 cxd4 28. gxf4 Rxf4 29. Rc7 Rbf8 30. Bg2 Rf2 31. Bf3 R8xf3 0-1

[Event "Autonomico-chT"]
[Site "Aragon"]
[Date "2005.02.12"]
[Round "3.21"]
[White "Barros Gutierrez, Angel Luis"]
[Black "Ramiro Ovejero, Juan Luis"]
[Result "0-1"]
[WhiteElo "2238"]
[BlackElo "2284"]
[PlyCount "88"]
[EventDate "2005.01.22"]
[EventType "team"]
[EventRounds "12"]
[EventCountry "ESP"]
[SourceTitle "EXT 2006"]
[Source "ChessBase"]
[SourceDate "2005.11.24"]
[SourceVersion "1"]
[SourceVersionDate "2005.11.24"]
[SourceQuality "1"]

1. d4 d6 2. Nf3 Nf6 3. Nc3 Nbd7 4. e4 e5 5. Bc4 Be7 6. dxe5 Nxe5 7. Nxe5 dxe5 8. Qxd8+ Bxd8 9. Be3 c6 10. a3 Bb6 11. Bxb6 axb6 12. f3 b5 13. Ba2 Ke7 14. 0-0-0 Nd7 15. Rd2 Nc5 16. Rhd1 g5 17. h4 gxh4 18. Rh1 Be6 19. Bxe6 Nxe6 20. Rxh4 h5 21. Nd1 b4 22. Ne3 Nd4 23. f4 bxa3 24. bxa3 Rxa3 25. Nc4 Rc3 26. Nxe5 Nb3+ 27. Kb2 Nxd2 28. Kxc3 Nxe4+ 29. Kd4 Nf6 30. g4 Rd8+ 31. Kc4 hxg4 32. Nxg4 Nxg4 33. Rxg4 Kf6 34. Rg5 Rd2 35. c3 Rf2 36. Rg4 Kf5 37. Rg7 Rxf4+ 38. Kd3 Ke6 39. Rh7 Rg4 40. Rh1 b5 41. Rh8 Ke5 42. Rh5+ f5 43. Rh6 Rg3+ 44. Kd2 Kd5 0-1

[Event "Autonomico-chT"]
[Site "Aragon"]
[Date "2005.02.05"]
[Round "2.61"]
[White "Barros Gutierrez, Angel Luis"]
[Black "Moreno Martinez, Laura"]
[Result "1-0"]
[WhiteElo "2238"]
[BlackElo "1747"]
[PlyCount "83"]
[EventDate "2005.01.22"]
[EventType "team"]
[EventRounds "12"]
[EventCountry "ESP"]
[SourceTitle "EXT 2006"]
[Source "ChessBase"]
[SourceDate "2005.11.24"]
[SourceVersion "1"]
[SourceVersionDate "2005.11.24"]
[SourceQuality "1"]

1. Nf3 Nf6 2. d4 e6 3. c4 d5 4. Nc3 Be7 5. Bg5 h6 6. Bh4 0-0 7. cxd5 exd5 8. Qc2 b6 9. e3 Ba6 10. Bxa6 Nxa6 11. 0-0 Nb4 12. Qa4 c5 13. a3 Nd3 14. Qb5 cxd4 15. Bxf6 Bxf6 16. Nxd5 Nc5 17. Nxf6+ Qxf6 18. Nxd4 Rac8 19. Rac1 Ne6 20. Nf3 Qe7 21. Rfd1 Rc7 22. Rxc7 Qxc7 23. h3 Rd8 24. Qe2 Rd6 25. Rxd6 Qxd6 26. Qd2 Qc6 27. h4 Qc7 28. Kf1 Nc5 29. Qc3 Qd7 30. Qd4 Qe7 31. Qd5 Qe8 32. b4 Ne6 33. b5 Qc8 34. Qc6 Qd8 35. g3 Qd1+ 36. Kg2 Qa4 37. Ne5 Qxa3 38. Qd7 Qf8 39. Qxa7 f6 40. Qxb6 Qa8+ 41. Qc6 Qxc6+ 42. Nxc6 1-0

[Event "Zaragoza"]
[Site "Zaragoza"]
[Date "1993.??.??"]
[Round "7"]
[White "Mimbela Lopez, Miguel Angel"]
[Black "Barros Gutierrez, Angel Luis"]
[Result "1-0"]
[WhiteElo "2200"]
[BlackElo "2200"]
[PlyCount "57"]
[EventDate "1993.??.??"]
[EventType "tourn"]
[EventRounds "9"]
[EventCountry "ESP"]
[EventCategory "2"]
[SourceTitle "EXT 1997"]
[Source "ChessBase"]
[SourceDate "1996.11.15"]
[SourceVersion "1"]
[SourceVersionDate "1996.11.15"]
[SourceQuality "1"]

1. d4 Nf6 2. c4 e6 3. Nc3 Bb4 4. e3 c5 5. Bd3 0-0 6. Nge2 d5 7. a3 cxd4 8. exd4 dxc4 9. Bxc4 Be7 10. 0-0 Nbd7 11. Ng3 a6 12. a4 b6 13. Re1 Bb7 14. Qb3 Re8 15. Bf4 Nb8 16. Bxe6 fxe6 17. Qxe6+ Kh8 18. Qf7 Bd5 19. Nxd5 Qxd5 20. Rxe7 Rxe7 21. Qxe7 Nc6 22. Qb7 Re8 23. Qxb6 Qc4 24. Qc5 Qxd4 25. Qxd4 Nxd4 26. b4 Nd5 27. Bd6 Kg8 28. h3 Re6 29. Rd1 1-0